Kaleo songs - Statistiques

Statistiques générales
  • Ce quiz a été pris 8 fois
  • Le résultat moyen est 29 sur 42
Statistiques - réponses
Surface Sounds (2021) % Correct
Hot Blood
100%
No Good
100%
All the Pretty Girls
86%
Automobile
86%
Automobile
86%
Bloodline
86%
Broken Bones
86%
Broken Bones
86%
Brother Run Fast
86%
Free the Slave
86%
Glass House
86%
Glass House
86%
Lonely Cowboy
86%
Rock N Roller
86%
Rock N Roller
86%
Way down We Go
86%
Alter Ego
71%
Backbone
71%
Break My Baby
71%
Hey Gringo
71%
I Can't Go on Without You
71%
Into My Mother's Arms
71%
My Fair Lady
71%
Run No More
71%
Skinny
71%
USA Today
71%
Back Door
57%
I Walk on Water
57%
I Walk on Water
57%
Legacy
57%
Save Yourself
57%
Vor í Vaglaskógi
57%
Vor í Vaglaskógi
57%
Fool
43%
Ísland Er Land Þitt
43%
I Want More
43%
Memoirs
43%
Sofðu Unga Ástin Mín
43%
The Good Die Young
43%
Pour Sugar on Me
29%
Pretty Boy Floyd
29%
Up in the Sky
29%
Aucun quiz correspondant
Distribution des résultats
% des personnes avec chaque résultat
Percentile par nombre de réponses
Votre historique - résultats
Vous n’avez pas pris ce quiz